00154 a2200073 45000010005000001000014000052450043000192600018000621087 aManly,G.B aAircraft electrical & ignition systems abF.J Wrakec